1487 1205 1228 1184 1832 1981 1426 1033 1677 1527 1334 1025 1374 1511 1932 1473 1927 1115 1922 1492 1681 1855 1168 1111 1913 1541 1242 1182 1422 1869 1715 1771 1020 1796 1185 1696 1760 1972 1439 1773 1723 1598 1879 1580 1475 1654 1790 1832 1310 1753 1914 1361 2000 1602 1416 1791 1688 1102 1169 1868 1131 1835 1947 1732 1292 1752 1934 1880 1445 1372 1856 1000 1551 1110 1786 1365 1500 1839 1866 1702 1055 1364 1567 1922 1725 1874 1456 1124 1978 1728 1213 1681 1293 1159 1089 1317 1315 1134 1925 BCNSPRNW ULIB Ver.6.0+V

เปลี่ยนเป็นภาษาไทย

Change to English
 แสดงรายละเอียดบรรณานุกรม
  กลับหน้าหลัก

Brief Record : Get Marc (ISO 2709) : E-mail record : QR code < ปิดหน้าต่าง
LEADER : 00000nam 2200000uu 4500
001    13399124874
003     ULIB
008    160421s2557||||th 000 0 tha d
020    ^a9789747533866
060  4 ^aWG166^bช637ก
100 0  ^aชุลี โจนส์ (อุบลสัคคะ)
245 00 ^aกายภาพบำบัดระบบหายใจ : เทคนิคการตรวจร่างกายและการระบายเสมหะ/^bชุลี โจนส์
250    ^aพิมพ์ครั้งที่ 3
260    ^aขอนแก่น:^bคลังนานาวิทยา,^c2557
300    ^a213 หน้า : ภาพประกอบ , 26 ซม.
500    ^aการพยาบาลผู้ใหญ่
505 0  ^a1.อาการแสดงของโรคปอด--2.การสังเกต--3.การคลำ--4.การฟัง--5.การเคาะ--6.เสมหะและการกำจัดเสมหะ--7.หัตถการทางกายภาพบำบัดเพื่อระบายเสมหะ--8.เทคนิคการกำจัดเสมหะด้วยตนเอง--9.เทคนิคการกำจัดเสมหะด้วยอุปกรณ์
650  0 ^aระบบหายใจ- -โรค- -กายภาพบำบัด
650  0 ^aมหาวิทยาลัยขอนแก่น คณะเทคนิคการแพทย์
650  0 ู^aการตรวจร่างกาย
650  0 ^aการระบายเสมหะ
945    ^p300^l0^i23425
945    ^p300^l0^i23426
945    ^p300^l0^i23427
999    ^aทศพร เกษรทอง
รายการนี้ยังไม่มีแท็ก
คุณยังไม่ได้ล็อกอิน คุณสามารถมีกิจกรรมร่วมกับเว็บไซต์ได้ แต่ต้องล็อกอินก่อน ::
  ล็อกอิน

รายการสื่อสารสนเทศ

ลำดับที่ ประเภท เลขเรียก/บาร์โค้ด สถานที่ สถานะ
1. วิทยาศาสตร์การแพทย์ และสุขภาพ
วิทยาศาสตร์การแพทย์ และสุขภาพ
สถานะ=หนังสือเก่า
WG166 ช637ก ฉ.1 
  Barcode: 23425
ห้องสมุดวิทยาเขตนครสวรรค์
►ส่วนจัดเก็บหนังสือเก่า นว.
บนชั้น
  ขอยืม
2. วิทยาศาสตร์การแพทย์ และสุขภาพ
วิทยาศาสตร์การแพทย์ และสุขภาพ
สถานะ=หนังสือเก่า
WG166 ช637ก ฉ.2 
  Barcode: 23426
ห้องสมุดวิทยาเขตนครสวรรค์
►ส่วนจัดเก็บหนังสือเก่า นว.
บนชั้น
  ขอยืม
3. วิทยาศาสตร์การแพทย์ และสุขภาพ
วิทยาศาสตร์การแพทย์ และสุขภาพ
สถานะ=หนังสือเก่า
WG166 ช637ก ฉ.3 
  Barcode: 23427
ห้องสมุดวิทยาเขตนครสวรรค์
►ส่วนจัดเก็บหนังสือเก่า นว.
บนชั้น
  ขอยืม

รายการใกล้เคียง
    ผู้แต่ง [ชุลี โจนส์ (อุบลสัคคะ)]

    หัวเรื่อง [ระบบหายใจ- -โรค- -กายภาพบำบัด]
    หัวเรื่อง [มหาวิทยาลัยขอนแก่น คณะเทคนิคการแพทย์]
    หัวเรื่อง [การระบายเสมหะ]

BibComment


ยังไม่เคยถูกคอมเมนท์

คอมเมนท์ทรัพยากรรายการนี้
  คอมเมนท์: กายภาพบำบัดระบบห..


 Copyright 2026. Bcnsprnw @Library